000
00457nam a2200145Ia 4500
008
100122s9999 xx 000 0 und d
082
_b
49746
_a
954
100
_a
हर्षे द स
245
_a
कोटी कोटी प्रणाम
260
_b
अमोद प्रकाशन
_c
1992
300
_a
42
630
_a
कोटी कोटी प्रणाम
730
_a
कोटी कोटी प्रणाम
942
_c
BOOK
999
_c
427590
_d
427587